Hedgingové produkty - minimalizácia rizika. 8

Opcie ako zabezpečenie proti kurzovému riziku - predajná (put) opcia. Konkrétny príklad put opcie a rôzne variácie týkajúce sa dňa expirácie a realizačnej ceny. Praktické využitie rôznych opcií v rámci jednej firmy.

Salvato in:
Dettagli Bibliografici
Autore principale: Lancz, M.
Natura: Capitolo di libro
Lingua:slovacco
Soggetti:
Tags: Aggiungi Tag
Nessun Tag, puoi essere il primo ad aggiungerne!!

MARC

LEADER 00000naa a2200000 4500
001 r021093
005 20230801104603.6
041 0 |a slo 
044 |a SK 
245 1 0 |a Hedgingové produkty - minimalizácia rizika. 8  |c M. Lancz 
520 |a Opcie ako zabezpečenie proti kurzovému riziku - predajná (put) opcia. Konkrétny príklad put opcie a rôzne variácie týkajúce sa dňa expirácie a realizačnej ceny. Praktické využitie rôznych opcií v rámci jednej firmy. 
610 2 0 |a hedging 
610 2 0 |a riziko 
610 2 0 |a operácie bankové 
610 2 0 |a opcie 
610 2 0 |a kurz devízový 
610 2 0 |a obchody burzové 
610 2 0 |a obchody opčné 
100 1 |a Lancz, M.